000 00969nam a22003137a 4500
001 BR2015003786
003 BR-BrBNA
005 20230928104654.0
007 ta
008 230509b bl.||||| |||| 00| 0 por d
040 _aBR-BrBNA
_bpor
_cBiblioteca Nacional de Agricultura
041 _a(Por)
072 _aE14; E40
090 _ E14 BR2015003786
110 1 _aSindicato e Organização das Cooperativas do Estado do Paraná, Curitiba, PR (Brasil)
_99540
110 1 _aServiço Nacional de Aprendizagem do Cooperativismo, Curitiba, PR (Brasil)
_99446
245 1 _aAgronegócio e cooperativismo no Paraná
260 3 _aCuritiba, PR (Brasil):
_c2010.
300 _a80 p.
500 _a17 ref.; 35 illus.; 10 tables
650 _aAGRONEGÓCIO
650 _aPARANÁ
650 _aCOOPERATIVA
650 _aINDUSTRIALIZAÇÃO
650 _aCOMERCIALIZAÇÃO
650 _aPESQUISA DE MERCADO
909 _a202309
_bLucia
_c55
_dLucia Elande
942 _cBK
999 _c81139
_d81139